| 000 | 01707nam a22004577a 4500 | ||
|---|---|---|---|
| 003 | CHAP | ||
| 005 | 20220329143237.0 | ||
| 008 | 070727d2007 mx bd r 00110 spa d | ||
| 010 | _a93841 | ||
| 011 | _a94813 | ||
| 035 | _a105410 | ||
| 040 | _cCHAP | ||
| 090 | _aTesis | ||
| 100 | 1 |
_aMeraz Aguilar, Rogelio _974867 |
|
| 245 | 1 | 0 |
_aMaquinado de la madera de Acrocarpus fraxinifolius Wigh & Arn, proveniente de plantaciones de la Sierra Norte de Puebla _c/por Rogelio Meraz Aguilar |
| 260 |
_aChapingo, Méx. : _bEl autor, _c2007. |
||
| 300 |
_a76 h. : _bilus. ; gráfs. ; mapa ; cuadros |
||
| 502 | _aTesis (Ing. Forestal Industrial) UACH. División de Ciencias Forestales | ||
| 590 |
_aALEPH _b10 _c20130110 _lUCH01 _h1518 |
||
| 590 |
_aBATCH-UPD _b10 _c20130109 _lUCH01 _h2307 |
||
| 590 |
_aBATCH-UPD _b10 _c20130110 _lUCH01 _h0502 |
||
| 590 |
_aBATCH-UPD _b10 _c20130111 _lUCH01 _h0002 |
||
| 590 |
_aBATCH-UPD _b10 _c20130410 _lUCH01 _h0140 |
||
| 590 |
_aBATCH-UPD _b10 _c20130913 _lUCH01 _h1917 |
||
| 590 |
_aCONVERSION _b10 _c20130109 _lUCH01 _h1352 |
||
| 650 | 1 | 4 |
_aAcrocarpus. _9730 |
| 650 | 1 | 4 |
_aCedro _xPuebla. _920866 |
| 650 | 1 | 4 |
_aMadera para industrias. _969664 |
| 650 | 1 | 4 |
_aMadera _xAnálisis. _969595 |
| 650 | 1 | 4 |
_aMadera _xCorte. _969597 |
| 650 | 1 | 4 |
_aMadera _xEstructura. _969607 |
| 650 | 1 | 4 |
_aMadera _xHumedad. _969610 |
| 650 | 1 | 4 |
_aMadera _xPropiedades y usos. _969621 |
| 650 | 1 | 4 |
_aMadera _xTecnología. _969629 |
| 650 | 1 | 4 |
_aPlantación de árboles. _988782 |
| 901 | _aBK | ||
| 905 | _aMarco A. Mendoza T. | ||
| 942 | _cFOLL | ||
| 949 |
_aTesis _bBC _cTES _d33724002034248 _eTS1 _gDonaciØn _h46982 _i105410 _sb |
||
| 949 |
_aTesis _bBC _cTES _d33724002034256 _eTS2 _fc.2 _gDonaciØn _h46983 _i105410 _sb |
||
| 999 |
_c93841 _d93841 |
||